English Premiership- Most appearances - Statistics

General Stats
  • This quiz has been taken 966 times
  • The average score is 10 of 25
Answer Stats
Hint Answer % Correct
632 Ryan Giggs
95%
499 Paul Scholes
86%
475 Steven Gerrard
86%
441 Alan Shearer
77%
572 David James
67%
485 Rio Ferdinand
66%
577 Frank Lampard
65%
508 Jamie Carragher
59%
505 Phil Neville
46%
414 Andy Cole
44%
417 Danny Murphy
42%
529 Gareth Barry
42%
516 Emile Heskey
38%
421 John Terry
37%
534 Gary Speed
35%
503 Sol Campbell
29%
455 Aaron Hughes
22%
440 Shay Given
20%
418 Teddy Sheringham
20%
450 Brad Friedel
14%
508 Mark Schwarzer
12%
426 Gareth Southgate
7%
444 Kevin Davies
7%
438 Sylvain Distin
4%
435 Jussi Jaaskelainen
2%
No matching quizzes found
Score Distribution
Percent of People with Each Score
Percentile by Number Answered
Your Score History
You have not taken this quiz